000 00384nam a2200145Ia 4500
008 220216s9999 xx 000 0 und d
100 _aReghu C.P.
245 0 _aPreservative treatment and seasoning of rubber wood
260 _bRubber Board Bulletin
_c1989
300 _a12-Sep
650 _aPreservation
650 _aRubber wood
650 _aRubber wood seasoning
942 _cBS
999 _c51171
_d51171